LEADER 00868nam--2200325---450- 001 990003260800203316 005 20090601102438.0 035 $a000326080 035 $aUSA01000326080 035 $a(ALEPH)000326080USA01 035 $a000326080 100 $a20090601d1977----km-y0itay50------ba 101 $aita 102 $aIT 105 $aa---||||001yy 200 1 $aAnalisi dei cluster$fAdriana Lis e Marco Sambin 210 $aPadova$cCLEUP$d1977 215 $a278 p.$cill.$d23 cm 606 0 $aStatistica matematica 676 $a519.5 700 1$aLIS,$bAdriana$0103154 701 1$aSAMBIN,$bMarco$0103155 801 0$aIT$bsalbc$gISBD 912 $a990003260800203316 951 $a519.5 LIS$b7556/CBS$c519.5 959 $aBK 969 $aSCI 979 $aRSIAV6$b90$c20090601$lUSA01$h1024 996 $aAnalisi dei cluster$91119048 997 $aUNISA